Heritage series: Bijapur (Record no. 215243)
[ view plain ]
| 000 -LEADER | |
|---|---|
| fixed length control field | 00561nam a2200181Ia 4500 |
| 008 - FIXED-LENGTH DATA ELEMENTS--GENERAL INFORMATION | |
| fixed length control field | 210719s2010 xx 000 0 und d |
| 041 ## - LANGUAGE CODE | |
| Language code of text/sound track or separate title | eng |
| 082 ## - DEWEY DECIMAL CLASSIFICATION NUMBER | |
| Classification number | 915.487 KARH |
| 100 ## - MAIN ENTRY--PERSONAL NAME | |
| Personal name | KARNATAKA (Government of) Department of Archaelogy, Museums and Heritage |
| 245 ## - TITLE STATEMENT | |
| Title | Heritage series: Bijapur |
| 260 ## - PUBLICATION, DISTRIBUTION, ETC. | |
| Place of publication, distribution, etc. | Bangalore |
| Name of publisher, distributor, etc. | Government of Karnataka |
| Date of publication, distribution, etc. | 2010 |
| 300 ## - PHYSICAL DESCRIPTION | |
| Extent | 84 |
| Other physical details | PB |
| 440 ## - SERIES STATEMENT/ADDED ENTRY--TITLE | |
| Title | Heritage series |
| 650 ## - SUBJECT ADDED ENTRY--TOPICAL TERM | |
| Topical term or geographic name entry element | Geography |
| 650 ## - SUBJECT ADDED ENTRY--TOPICAL TERM | |
| Topical term or geographic name entry element | Geography of India |
| 700 ## - ADDED ENTRY--PERSONAL NAME | |
| Personal name | DADDI (H G);MACHAKANUR (Venkatesh A) |
| 906 ## - LOCAL DATA ELEMENT F, LDF (RLIN) | |
| a | Bijapur ; Heritage ; series: |
| Withdrawn status | Lost status | Damaged status | Not for loan | Collection code | Home library | Current library | Date acquired | Total Checkouts | Full call number | Barcode | Date last seen | Price effective from | Koha item type |
|---|---|---|---|---|---|---|---|---|---|---|---|---|---|
| St Aloysius Library | St Aloysius Library | 02/28/2011 | 915.487 KARH | D03860 | 07/19/2021 | 07/19/2021 | Donated Books |